000 01144nam a2200325 a 4500
001 000112763
003 CHAP
005 20220329144320.0
008 161104s1990 mx |rm |0|||||spa d
010 _a109224
011 _a110196
040 _cCHAP
090 _aTesis
100 1 _aCoronado Zavala, Pablo.
_9131220
245 1 0 _aAccion del chaparro amargo (cástela tortuosa liebm) en la fasciolasis experimental del conejo /
_cpor Pablo Coronado Zavala.
260 _aMéxico, D.F. :
_bEl autor,
_c1990.
300 _a37 h.
502 _aTesis (M.V. Zootecnista) -- UNAM. Escuela Superior de Medicina Veterinaria y Zootecnia
590 _aBATCH-UPD
_b05
_c20161104
_lUCH01
_h1124
590 _aBATCH-UPD
_b05
_c20191028
_lUCH01
_h1511
590 _aE5765TAJ
_b05
_c20161104
_lUCH01
_h1124
590 _aE5765TAJ
_b05
_c20161104
_lUCH01
_h1125
650 1 4 _aCástela tortuosa Liebm.
_xEfecto en conejos.
_9131221
650 1 4 _aConejos
_xParásitos.
_926373
650 1 4 _aExtractos vegetales
_xEfecto en conejos.
_9131222
650 1 4 _aNemátodos parásitos de conejos
_xControl.
_9131223
901 _aBK
942 _cTESIS
942 _n0
999 _c109224
_d109224